01083cam a22002657a 45000010009000000050017000090080041000260100015000670200018000820400066001000820021001661000038001872450071002252600095002963000042003915000024004335040032004576500047004896530024005366550024005607000038005849420021006229990017006439520157006601563768520150120142547.0090225s2008 xxka frb f001 0 eng d a2009275868 a9780521868532 aUKMcUKMdBTCTAdBAKERdYDXCPdBWKUKdBWKdIXAdDLCdEG-ScBUE00a621.367222bTRU1 aTrussell, H. J.q(H. Joel)93728410aFundamentals of digital imaging /cH. J. Trussell and M. J. Vrhel. aCambridge, Unite dKingdom ;aNew York, United States :bCambridge University Press,c2008. axvii, 532 p. :bill. (col.) ;c26 cm. aIndex : p. 527-532. aBibliography : p. 512-526.  0aImage processingxDigital techniques94647 bENGELCcJanuary2015 vreading book9342321 aVrhel, M. J.q(Michael J.)937285 2ddck621.367 TRU c18918d18890 00102ddc40708BaccahaMAINbMAINc1STd2015-01-20epurchaseg333.00h21291l1m3o621.367 TRUp000037341r2025-07-15 00:00:00s2016-04-21v416.00yBB